Hydraulia (Record no. 113870)

MARC details
000 -LEADER
fixed length control field 00617cam a22001815a 4500
001 - CONTROL NUMBER
control field L155847
008 - FIXED-LENGTH DATA ELEMENTS--GENERAL INFORMATION
fixed length control field 120418s1835 xxk f 000 0 eng d
035 ## - SYSTEM CONTROL NUMBER
System control number (Sirsi) u155847
041 0# - LANGUAGE CODE
Language code of text/sound track or separate title eng
100 1# - MAIN ENTRY--PERSONAL NAME
Personal name Matthews, William
245 00 - TITLE STATEMENT
Title Hydraulia
Remainder of title an historical and descriptive account of the water works of London and contrivances for supplying other great cities, in different ages and countries
260 ## - PUBLICATION, DISTRIBUTION, ETC.
Place of publication, distribution, etc. London
Name of publisher, distributor, etc. [s.n.]
Date of publication, distribution, etc. 1835
300 ## - PHYSICAL DESCRIPTION
Extent xx, 454 p.
Dimensions 8o
583 ## - ACTION NOTE
Action Condition reviewed
Time/date of action 20120620
Status condition level 4
651 #4 - SUBJECT ADDED ENTRY--GEOGRAPHIC NAME
Geographic name Great Britain
Chronological subdivision 1707-
690 ## - LOCAL SUBJECT ADDED ENTRY--TOPICAL TERM (OCLC, RLIN)
Topical term or geographic name as entry element Infrastructure
9 (RLIN) 6246
942 ## - ADDED ENTRY ELEMENTS (KOHA)
Suppress in OPAC 0
Holdings
Withdrawn status Lost status Damaged status Not for loan Home library Current library Shelving location Date acquired Total Checkouts Full call number Barcode Date last seen Copy number Price effective from Koha item type
        Historic collection Historic collection Historic collection 18/04/2012   INFRASTRUCTURE OCTAVO 1835 MATTHEWS 30077219 20/08/2025 1 06/08/2019 Book